000 01337nam a2200277 c 4500
003 BLK
005 20180420214852.0
008 180412b bul|||||r ||||||| ||bul||
010 _aKNG00015302000
020 _a954-420-191-2
_bиздат.: Медицина и физкултура
040 _aBLK
080 _aФармация. Фармакология. Обща терапия. Токсикология. Интензивна терапия
_b615
_x.015(035)
_z615.015(035)
100 1 _aКрушков, Иван Маринов
_eпърви автор
_9254557
139 _aСправочник за нежеланите лекарствени ефекти
_bС 59
245 1 0 _aСправочник за нежеланите лекарствени ефекти
_cИван Маринов Крушков.
260 София
_bМедицина и физкултура
_c1996
300 _a260 с.
_c21 см
380 _a61
500 _aДеп. списък: 47 Други авт.: А. Л. Дурмишев, Н. К. Цанков, М. Ц. Марков, отбелязани на с. 3 ; 1 000 тир
650 4 _aЛекарства - действие на организма
_9249953
852 _aЦб 191050
856 4 _qpdf
_u
856 4 _qpdf
_u
942 _cKNG
_n0
944 _aCR
_c15.01.2003
_kКети_Илиева
944 _aED
_c06.04.2005
_k
999 _c13637
_d13637